000 00183nam a2200073Ia 4500
008 180219s9999 xx 000 0 und d
100 _aSharma Santosh
245 0 _aNagrik Shastra Shisharan
260 _aJaipur / Kavita
999 _c41187
_d41187